| 000 | 00000nam##2200000za#4500 |
| 001 | 9.642289 |
| 003 | CaOODSP |
| 005 | 20210624223628 |
| 007 | cr ||||||||||| |
| 008 | 150407|2000||||xxc|||||o f|0| 0 fre|d |
| 040 | |aCaOODSP|bfre |
| 043 | |an-cn--- |
| 086 | 1 |aR72-287/2000F-PDF |
| 110 | 1 |aCanada.|bAffaires indiennes et du Nord. |
| 245 | 10|aBourses pour les étudiants autochtones |h[ressource électronique] |
| 250 | |aÉdition de 1999 |
| 260 | |aOttawa - Ontario : |bAffaires indiennes et du Nord |c2000. |
| 300 | |a351p. |
| 500 | |aLe n° de catalogue (R72-287/2000F) et l'ISBN (0-662-84440-8) de l'édition imprimée ont été incorrectement copiés dans l'édition électronique. |
| 590 | |a13-18-Supp|b2013-08-01 |
| 691 | 07|aBourse d'études|2gcpds |
| 691 | 07|aÉtudiant|2gcpds |
| 691 | 07|aAutochtones|2gcpds |
| 775 | 08|tScholarships, bursaries and awards for Aboriginal students |w(CaOODSP)9.698277 |
| 776 | 0#|tBourses pour les étudiants autochtones |w(CaOODSP)9.681055 |
| 856 | 40|ahttp://publications.gc.ca|qPDF|s2.82 Mo|uhttps://publications.gc.ca/collections/Collection/R72-287-2000F.pdf |
| 986 | |aQS-3619-000-FF-A1 |